Vista normal
Vista MARC
Entrada Personal Name
Número de registros utilizados en: 1
001 - CONTROL NUMBER
- control field: 4
003 - CONTROL NUMBER IDENTIFIER
- control field: DO-SdBNP
005 - DATE AND TIME OF LATEST TRANSACTION
- control field: 20150922114042.0
008 - FIXED-LENGTH DATA ELEMENTS
- fixed length control field: 140127n| azannaabn |a aaa c
010 ## - LIBRARY OF CONGRESS CONTROL NUMBER
- LC control number: no2014010942
040 ## - CATALOGING SOURCE
- Original cataloging agency: DO-SdBNP
- Language of cataloging: spa
- Description conventions: rda
- Transcribing agency: NN
- Modifying agency: IEN
- Modifying agency: CLU
053 #0 - LC CLASSIFICATION NUMBER
- Classification number element--single number or beginning number of span: PQ7409.3.G85
100 1# - HEADING--PERSONAL NAME
- Personal name: Guerrero, Laureano
370 ## - ASSOCIATED PLACE
- Place of birth: República Dominicana
- Source of term: naf
373 ## - ASSOCIATED GROUP
- Associated group: República Dominicana. Congreso Nacional. Senado
- Source of term: naf
- Start period: 1986
- End period: 1990
374 ## - OCCUPATION
- Occupation: Político
- Occupation: Abogado
- Occupation: Periodistas
- Occupation: Novelistas
- Source of term: BNPHU
375 ## - GENDER
- Gender: Hombre
377 ## - ASSOCIATED LANGUAGE
- Language code: spa
400 1# - SEE FROM TRACING--PERSONAL NAME
- Personal name: Guerrero Sánchez, Laureano
670 ## - SOURCE DATA FOUND
- Source citation: Mi niño lindo, 2012:
- Information found: .p. (Laureano Guerrero) T.P. (novela) solapa de cubierta (Laureano Guerrero Sánchez, político, abogado y periodista; acogido el programa de televisión Hablan Los Lideres, fundó el partido político Partido de la Liberación Dominicana, servido en el Senado Domitnican para la provincia de La Romana desde 1986 hasta 1990 ; ha ocupado diversos cargos gubernamentales, como cónsul a Puerto Rico, Cónsul General en Madrid (España), la secretaria de Estado, Enlace para Ejecutivo y Poder Legislativo)